ბათუმის შოთა რუსთაველის სახელმწიფო უნივერსიტეტის ბიბლიოთეკა

სპა და ბალნეოთერაპია : (ჰიდროდინამიკის ელემენტებით) (ბიბ.ჩანაწერი № 43820)

000 -LEADER
fixed length control field 01176nam a2200277Ia 4500
001 - CONTROL NUMBER
control field 10565
003 - CONTROL NUMBER IDENTIFIER
control field GE_BSU
008 - FIXED-LENGTH DATA ELEMENTS--GENERAL INFORMATION
fixed length control field 181216s||||||||xx |||||||||||||| ||und||
020 ## - INTERNATIONAL STANDARD BOOK NUMBER
International Standard Book Number 9789941928857
040 ## - CATALOGING SOURCE
Transcribing agency GE_BSU
080 ## - UNIVERSAL DECIMAL CLASSIFICATION NUMBER
Universal Decimal Classification number 615.838.1/9 + 615.8
100 ## - MAIN ENTRY--PERSONAL NAME
Personal name ციბაძე, ალექსანდრე; შავიანიძე,გიორგი სააკაშვილი, ნიკოლოზ [და სხვ.]
245 ## - TITLE STATEMENT
Title სპა და ბალნეოთერაპია : (ჰიდროდინამიკის ელემენტებით)
245 ## - TITLE STATEMENT
Remainder of title [მონოგრაფია]
245 ## - TITLE STATEMENT
Statement of responsibility, etc. რედ. თეიმურაზ პეტრიაშვილი
260 ## - PUBLICATION, DISTRIBUTION, ETC.
Place of publication, distribution, etc. თბილისი
260 ## - PUBLICATION, DISTRIBUTION, ETC.
Name of publisher, distributor, etc. ფარნავაზი
260 ## - PUBLICATION, DISTRIBUTION, ETC.
Date of publication, distribution, etc. 2013
300 ## - PHYSICAL DESCRIPTION
Extent 116 გვ.ილ.29 სმ.
300 ## - PHYSICAL DESCRIPTION
Accompanying material ბიბლიოგრ.: გვ.116
520 ## - SUMMARY, ETC.
Summary, etc. ყდაზე ავტ. მითითებული არ არიან.
653 ## - INDEX TERM--UNCONTROLLED
Uncontrolled term ბალნეოთერაპია;
653 ## - INDEX TERM--UNCONTROLLED
Uncontrolled term წყლით მკურნალობა;
942 ## - ADDED ENTRY ELEMENTS (KOHA)
Koha item type წიგნი
ეგზემპლარები
Withdrawn status Lost status Damaged status Not for loan Date acquired Barcode Date last seen Price effective from Koha item type
        2018-12-17 34467 2018-12-17 2018-12-17 წიგნი
        2018-12-17 34468 2018-12-17 2018-12-17 წიგნი
        2018-12-17 34469 2018-12-17 2018-12-17 წიგნი
        2018-12-17 34470 2018-12-17 2018-12-17 წიგნი